[Event "SVK-chT2D 1516"]
[Site "Slovakia"]
[Date "2016.02.14"]
[Round "9.6"]
[White "Sabol, Jan"]
[Black "Sutor, Alexander"]
[Result "1-0"]
[WhiteElo "1830"]
[BlackElo "1695"]
[PlyCount "65"]
[EventDate "2015.10.17"]
[EventType "team-tourn"]
[EventRounds "11"]
[EventCountry "SVK"]
[SourceTitle "EXT 2017"]
[Source "ChessBase"]
[SourceDate "2016.10.25"]
[SourceVersion "1"]
[SourceVersionDate "2016.10.25"]
[SourceQuality "1"]
[WhiteTeam "Presov Slavia"]
[BlackTeam "Stara Lubovna SO II"]
[WhiteTeamCountry "SVK"]
[BlackTeamCountry "SVK"]

1. c4 c5 2. Nf3 d6 3. d4 cxd4 4. Nxd4 Nf6 5. Nc3 g6 6. e4 Bg7 7. Be2 0-0 8. 0-0 a6 9. Be3 Bd7 10. Qd2 Nc6 11. Rad1 Rc8 12. h3 Ne5 13. b3 Qa5 14. Nd5 Qxd2 15. Nxe7+ Kh8 16. Bxd2 Rce8 17. Nd5 Nxe4 18. Bb4 Nc6 19. Nxc6 Bxc6 20. Bf3 Nc5 21. Bc3 Be5 22. Bxe5+ dxe5 23. Nf6 Re6 24. Bxc6 Rxc6 25. Nd7 Nxd7 26. Rxd7 b6 27. Re7 f6 28. Rd1 g5 29. Rdd7 Rfc8 30. Rxh7+ Kg8 31. Rdg7+ Kf8 32. Ra7 a5 33. Rh8# 1-0

[Event "SVK-chT2D 1516"]
[Site "Slovakia"]
[Date "2015.11.07"]
[Round "3.6"]
[White "Dujava, Daniel"]
[Black "Sutor, Alexander"]
[Result "1-0"]
[WhiteElo "1863"]
[BlackElo "1723"]
[PlyCount "43"]
[EventDate "2015.10.17"]
[EventType "team-tourn"]
[EventRounds "11"]
[EventCountry "SVK"]
[SourceTitle "CBM 169 Extra"]
[Source "ChessBase"]
[SourceDate "2015.12.18"]
[SourceVersion "1"]
[SourceVersionDate "2015.12.18"]
[SourceQuality "1"]
[WhiteTeam "Sabinov II"]
[BlackTeam "Stara Lubovna SO II"]
[WhiteTeamCountry "SVK"]
[BlackTeamCountry "SVK"]

1. e4 c5 2. Nf3 d6 3. d4 cxd4 4. Nxd4 Nf6 5. Nc3 a6 6. Bc4 e6 7. Bb3 Be7 8. g4 Nc6 9. g5 Nd7 10. Bxe6 Bxg5 11. Nxc6 bxc6 12. Bxd7+ Bxd7 13. Bxg5 Qxg5 14. Qxd6 Qg4 15. Qg3 Rd8 16. f3 Qg6 17. 0-0-0 0-0 18. Rd6 f6 19. Qxg6 hxg6 20. Rhd1 Rf7 21. Na4 Kf8 22. Nc5 1-0

[Event "SVK-ch U16"]
[Site "Stara Lubovna"]
[Date "2014.04.05"]
[Round "1"]
[White "Sutor, Alexander"]
[Black "Macko, Peter"]
[Result "0-1"]
[WhiteElo "1000"]
[BlackElo "1672"]
[PlyCount "78"]
[EventDate "2014.04.05"]
[EventType "swiss"]
[EventRounds "9"]
[EventCountry "SVK"]
[SourceTitle "EXT 2016"]
[Source "ChessBase"]
[SourceDate "2015.10.08"]
[SourceVersion "1"]
[SourceVersionDate "2015.10.08"]
[SourceQuality "1"]

1. e4 e6 2. d4 d5 3. Nc3 Nf6 4. e5 Nfd7 5. f4 a6 6. Nf3 c5 7. Be3 Nc6 8. Qd2 b5 9. 0-0-0 c4 10. g3 Qa5 11. Kb1 b4 12. Ne2 c3 13. bxc3 bxc3 14. Qxc3 Rb8+ 15. Ka1 Bb4 16. Qd3 Nb6 17. c3 Ba3 18. Bc1 Nc4 19. Nd2 Bb2+ 20. Bxb2 Nxb2 21. Qc2 Nxd1 22. Qxd1 Bd7 23. Nb3 Qa3 24. Nec1 0-0 25. Qc2 Rb6 26. Qb2 Qxb2+ 27. Kxb2 Na5 28. Kc2 Nc4 29. Bxc4 dxc4 30. Nc5 Bc6 31. Rd1 Rfb8 32. Kd2 Rb2+ 33. Ke3 Rxh2 34. Nxa6 Rbb2 35. Re1 Kf8 36. Nb4 Bb7 37. Ne2 Ke7 38. Ng1 Rhg2 39. Ne2 f6 0-1